Villes françaises qui contiennent le mot "en" (mort subite) - Statistiques

Statistiques générales
  • Ce quiz a été pris 132 fois
  • Le résultat moyen est 12 sur 17
Answers on the Grid
Answers color-coded by a green-red scale on the quiz's grid according to % correct below.
Cormeilles- -Parisis
Aix- -Provence
La Ferté- -Jouarre
Canet- -Roussillon
Vert- -Denis
Cherbourg- -Cotentin[i
La Londe- - Maures
Saint-Arnoult- -Yvelines
Saint-Germain- -Laye
Roissy- -Brie
Châlons- -Champagne
Vaulx- -Velin
Bourg- - Bresse
Marcq - - Barœul
Tremblay- - France
La Queue- - Brie
Dammartin- - Goële
Le Puy- -Velay
Jouy- - Josas
Magny- -Vexin
 
Statistiques - réponses
Réponse % Correct
Aix- -Provence
99%
Bourg- - Bresse
87%
Saint-Germain- -Laye
82%
Le Puy- -Velay
79%
Châlons- -Champagne
77%
Tremblay- - France
73%
Vaulx- -Velin
72%
Marcq - - Barœul
71%
Canet- -Roussillon
70%
Cherbourg- -Cotentin[i
70%
La Queue- - Brie
68%
Roissy- -Brie
64%
Saint-Arnoult- -Yvelines
62%
Magny- -Vexin
61%
Jouy- - Josas
60%
Cormeilles- -Parisis
56%
Dammartin- - Goële
56%
Aucun quiz correspondant
Distribution des résultats
% des personnes avec chaque résultat
Percentile par nombre de réponses
Votre historique - résultats
Vous n’avez pas pris ce quiz